LEADER 04258nam 2200841 450 001 9910788951603321 005 20210423023246.0 010 $a1-61451-492-5 010 $a1-61451-903-X 024 7 $a10.1515/9781614514923 035 $a(CKB)3390000000061993 035 $a(EBL)1345180 035 $a(OCoLC)913796817 035 $a(SSID)ssj0001457494 035 $a(PQKBManifestationID)11902450 035 $a(PQKBTitleCode)TC0001457494 035 $a(PQKBWorkID)11441183 035 $a(PQKB)10422153 035 $a(MiAaPQ)EBC1345180 035 $a(DE-B1597)214789 035 $a(OCoLC)948655744 035 $a(OCoLC)979582168 035 $a(DE-B1597)9781614514923 035 $a(Au-PeEL)EBL1345180 035 $a(CaPaEBR)ebr11072558 035 $a(CaONFJC)MIL806667 035 $z(PPN)202027538 035 $a(PPN)18292565X 035 $a(EXLCZ)993390000000061993 100 $a20140415h20142014 uy| 0 101 0 $aeng 135 $aur|nu---|u||u 181 $ctxt 182 $cc 183 $acr 200 10$aIncantations and anti-witchcraft texts from Ugarit /$fby Gregorio del Olmo Lete ; with a contribution by Ignacio Ma?rquez Rowe 210 1$aBoston :$cDe Gruyter,$d[2014] 210 4$d©2014 215 $a1 online resource (278 p.) 225 1 $aStudies in ancient Near Eastern records ;$vvolume 4 300 $aDescription based upon print version of record. 311 $a1-61451-494-1 311 $a1-61451-627-8 320 $aIncludes bibliographical references and indexes. 327 $tFront matter --$tPrologue --$tContents --$tIntroduction: Magic and Witchcraft --$tThe Ugaritic Gods and Magic --$tThe Babylonian Incantation Texts from Ugarit /$rRowe, Ignacio Márquez --$tDubious and Incorrectly Identified Ugaritic Incantation Texts --$tKTU 1.82: A Miscellaneous Incantation/ Anti-Witchcraft Text against Snakebite --$tKTU 1.96: An Incantation against the "Evil Eye" --$tKTU 1.96 Once Again --$tKTU 1.107: A Compendium of Incantations against Snakebite --$tKTU 1.169: A Compendium of Incantations against Word Sorcery --$tKTU 1.178: An Incantation against Snakebite for Personal Use --$tKTU 1.100: The Prototype Canonical Incantation Text --$tConclusion: ?l and ?rn: Divine Power versus Magic --$tBibliography --$tIndices --$tHandcopies --$tPlates 330 $aUgaritic literary and ritual studies have often neglected or even ignored the Akkadian material from the same archives, which can be used as a frame of reference for the Ugaritic texts. The aim of this work is to offer a comprehensive study of the consonantal (Ugaritic) as well as the syllabic (Akkadian) incantation and anti-witchcraft texts from Ras Shamra as a unified corpus. These texts, dealing with impending dangers (mainly snakebites) and witchcraft attacks, are placed in the context of Ancient Near Eastern magic literature. A discussion of general topics, including magic and religion, the Ugaritic gods of magic, and the definition of incantation, is followed by a new collation and translation of the Akkadian texts, as well as new photographic material for both series. The main focus of this book is the close reading of the consonantal texts in the context of the much larger and better analyzed corpus of Akkadian magic literature. 410 0$aStudies in ancient Near Eastern records ;$vv. 4. 606 $aIncantations, Ugaritic 606 $aWitchcraft$zSyria$zUgarit (Extinct city) 606 $aMagic$zSyria$zUgarit (Extinct city) 606 $aRitual$zSyria$zUgarit (Extinct city) 606 $aUgaritic language$vTexts 607 $aUgarit (Extinct city)$xReligion 610 $aMagic. 610 $aUgaritic. 610 $asnakebite. 610 $awitchcraft. 615 0$aIncantations, Ugaritic. 615 0$aWitchcraft 615 0$aMagic 615 0$aRitual 615 0$aUgaritic language 676 $a892/.67 686 $aEM 2500$2rvk 700 $aOlmo Lete$b Gregorio del$0635077 702 $aMa?rquez Rowe$b Ignacio 801 0$bMiAaPQ 801 1$bMiAaPQ 801 2$bMiAaPQ 906 $aBOOK 912 $a9910788951603321 996 $aIncantations and anti-witchcraft texts from Ugarit$93673243 997 $aUNINA LEADER 03916nam 2200733 450 001 9910813742103321 005 20230125231112.0 010 $a0-7748-2560-X 010 $a0-7748-2561-8 024 7 $a10.59962/9780774825610 035 $a(CKB)2550000001250590 035 $a(SSID)ssj0001222282 035 $a(PQKBManifestationID)11675678 035 $a(PQKBTitleCode)TC0001222282 035 $a(PQKBWorkID)11195648 035 $a(PQKB)11502344 035 $a(CEL)447620 035 $a(OCoLC)879870386 035 $a(CaBNVSL)mat00910787 035 $a(MiAaPQ)EBC3291989 035 $a(MiAaPQ)EBC3412924 035 $a(OCoLC)966765753 035 $a(MdBmJHUP)muse52746 035 $a(Au-PeEL)EBL3412924 035 $a(CaPaEBR)ebr10853342 035 $a(CaONFJC)MIL585094 035 $a(OCoLC)866048588 035 $a(DE-B1597)661780 035 $a(DE-B1597)9780774825610 035 $a(EXLCZ)992550000001250590 100 $a20140412h20142014 uy 0 101 0 $aeng 135 $aurcnu|||||||| 181 $ctxt 182 $cc 183 $acr 200 10$aAssessing treaty performance in China $etrade and human rights /$fPotter, Pitman B 210 1$aVancouver, British Columbia :$cUBC Press,$d2014. 210 4$d©2014 215 $a1 online resource (xii, 295 pages) 225 1 $aAsia Pacific Legal Culture and Globalization 300 $aIncludes index. 311 $a0-7748-2559-6 311 $a1-306-53843-2 320 $aIncludes bibliographical references (pages 191-284) and index. 327 $tEncounters with international trade standards : China and the WTO --$tPerformance of international trade standards I : contract law in China --$tPerformance of international trade standards II : property law in China --$tEncounters with international human rights standards --$tTreaty performance on human rights : sustainability and social justice. 330 $aCloser and more frequent contact among states brought about by globalization has led to an increase in trade and human rights disputes that can challenge economic relations and cloud political relationships. Preventing and managing these disputes requires a better understanding of the cross-cultural dimensions of treaty performance on trade and human rights, especially for increasingly important actors in the international system such as China. Assessing Treaty Performance in China outlines a new approach for understanding China's treaty performance around international standards on trade and human rights, using the paradigms of selective adaptation and institutional capacity. Selective adaptation reveals how local interpretation and implementation of international treaty standards are affected by normative perspectives derived from perception, complementarity, and legitimacy. Institutional capacity explains how operational dimensions of legal performance are affected by structural and relational dynamics of institutional purpose, location, orientation, and cohesion. The book focuses on legal performance rather than technical compliance to provide a more comprehensive perspective on China's interaction with international treaty standards. It also offers policy suggestions for more effective engagement with China on trade and human rights issues. 410 0$aAsia Pacific legal culture and globalization (Series) 606 $aContracts$zChina$vEvaluation 606 $aProperty$zChina$vEvaluation 606 $aHuman rights$zChina$vEvaluation 607 $aChina$xCommercial treaties$vEvaluation 615 0$aContracts 615 0$aProperty 615 0$aHuman rights 676 $a341.4844026651073 700 $aPotter$b Pitman B.$0260175 801 0$bMiAaPQ 801 1$bMiAaPQ 801 2$bMiAaPQ 906 $aBOOK 912 $a9910813742103321 996 $aAssessing treaty performance in China$94088368 997 $aUNINA